00369cam a2200109 i 450008200180000024500450001826000480006330000210011150000990013265000140023165000140024500a362.7/32/095414aThe hazards of environmental pollution : aBombay :bMax Mueller Bhavan,c[pref. 1976] a123 p. :bmaps ; aSponsored by the Society for a Clean Environment, Bombay and the Max Mueller Bhavans in India. 0aPollution 0aPollution